[Event "on which square would you like to be mated?"]
[Site "SchemingMind.com"]
[Date "2008.07.14"]
[Round "-"]
[White "smothered mate"]
[Black "faulty"]
[Result "0-1"]
[WhiteCountry "POL"]
[BlackCountry "USA"]
[WhiteElo "1933"]
[WhiteRD "52"]
[BlackElo "1952"]
[BlackRD "70"]
[GameID "162975"]

1. d4 f5 2. g4 fxg4 3. h3 gxh3 4. Nxh3 Nf6 5. Nf4 d5 6. Ng6 Rg8 7. Ne5 Bf5 8. e3 Nbd7 9. Bd3 e6 10. Qf3 Nxe5
11. dxe5 Ne4 12. Nc3 Bb4 13. Bd2 Bxc3 14. bxc3 Qe7 15. c4 Nxd2 16. Kxd2 Qb4+ 17. Kc1 Bxd3 18. cxd3 Qc3+ 19. Kb1 Qxd3+ 20. Kb2 Qd2+
0-1

[Event "on which square would you like to be mated?"]
[Site "SchemingMind.com"]
[Date "2008.07.16"]
[Round "-"]
[White "smothered mate"]
[Black "dvaldez"]
[Result "0-1"]
[WhiteCountry "POL"]
[BlackCountry "CAN"]
[WhiteElo "1904"]
[WhiteRD "55"]
[BlackElo "1966"]
[BlackRD "85"]
[GameID "162976"]

1. e4 c5 2. c3 Nf6 3. e5 Nd5 4. g3 d6 5. exd6 Qxd6 6. Bg2 Nc6 7. Ne2 Bf5 8. d4 O-O-O 9. Na3 e5 10. Nc4 Qe6
11. Ne3 Nxe3 12. Bxe3 exd4 13. cxd4 Nxd4 14. Bxd4 Rxd4 15. Qb3 Rb4 16. Bd5 Qe5 17. Qf3 Rxb2 18. O-O Be6 19. Bxe6+ fxe6 20. Nf4 Qf6
21. Rab1 Rb6 22. Rxb6 axb6 23. Qb3 Bd6 24. Nxe6 Re8 25. Re1 Bc7 26. Re3 Re7 27. Qd5 Rd7 28. Qh5 g6 29. Qg4 Qf5 30. Qe2 Qb1+
31. Kg2 Qd1 32. Qb2 Qd5+ 33. Kf1 Qh1+ 34. Ke2 Qd1#
0-1

[Event "on which square would you like to be mated?"]
[Site "SchemingMind.com"]
[Date "2008.07.14"]
[Round "-"]
[White "smothered mate"]
[Black "calidore"]
[Result "0-1"]
[WhiteCountry "POL"]
[BlackCountry "ISR"]
[WhiteElo "1926"]
[WhiteRD "48"]
[BlackElo "1867"]
[BlackRD "47"]
[GameID "162977"]

1. e4 Nf6 2. e5 Nd5 3. c4 Nb6 4. d4 d6 5. exd6 cxd6 6. d5 Qc7 7. Nc3 Bd7 8. b3 e5 9. dxe6 fxe6 10. Bd3 g6
11. Qc2 Bc6 12. f3 Bg7 13. Bb2 Na6 14. Nge2 Nb4 15. Bxg6+ hxg6 16. Qxg6+ Qf7 17. Qg3 Nd3+
0-1

[Event "on which square would you like to be mated?"]
[Site "SchemingMind.com"]
[Date "2008.07.16"]
[Round "-"]
[White "smothered mate"]
[Black "Pedro666"]
[Result "1-0"]
[WhiteCountry "POL"]
[BlackCountry "POL"]
[WhiteElo "1886"]
[WhiteRD "52"]
[BlackElo "2050"]
[BlackRD "84"]
[GameID "162978"]

1. e4 Nf6 2. e5 Nd5 3. c4 Nb6 4. d4 d6 5. exd6 exd6 6. Nc3 Be7 7. Qf3 Nc6 8. Be3 Bf6 9. O-O-O O-O 10. Bd3 Nb4
11. Bb1 Nxc4 12. Bf4 Bg5 13. a3 Nc6 14. Nge2 g6 15. h4 Bxf4+ 16. Nxf4 f5 17. Qd5+ Kh8 18. Qxc4 Qf6 19. Ncd5 Qg7 20. h5 gxh5
21. Rxh5 Rf7 22. Rd3 Bd7 23. Rg3 Qxd4 24. Ng6+ Kg7 25. Ne5+ Kf8 26. Qxd4 Nxd4 27. Nxf7 Ne2+ 28. Kd2 Nxg3 29. fxg3 Be6 30. Rxh7 Bxf7
31. Rh8+ Bg8 32. Nf6 Kg7 33. Rxg8+
1-0

[Event "on which square would you like to be mated?"]
[Site "SchemingMind.com"]
[Date "2008.07.14"]
[Round "-"]
[White "smothered mate"]
[Black "schakert"]
[Result "1-0"]
[WhiteCountry "POL"]
[BlackCountry "NED"]
[WhiteElo "1933"]
[WhiteRD "52"]
[BlackElo "1779"]
[BlackRD "68"]
[GameID "162979"]

1. e4 e5 2. Nf3 Nc6 3. Bc4 Bc5 4. b4 Bxb4 5. c3 Be7 6. d4 exd4 7. cxd4 b6 8. Qb3 Na5 9. Bxf7+ Kf8 10. Qd5 Bb7
11. Qf5 Bb4+ 12. Kf1 Qf6 13. Bxg8 Qxf5 14. exf5 Ba6+ 15. Kg1 Kxg8 16. Bd2 Bxd2 17. Nbxd2 Nc4 18. Nxc4 Bxc4 19. h4 h6 20. Rh3 d6
21. Rc1 b5 22. a4 c6 23. Rg3 Kh7 24. axb5 cxb5 25. d5 a5 26. Nd4 a4 27. f6 gxf6 28. Nxb5 Rhb8 29. Nxd6 Bxd5 30. Rc7+ Kh8
31. Rg6 Rd8 32. Rxh6+ Kg8 33. Nf5 Bf7 34. Rxf6 Rf8 35. Rc3 Rfb8 36. Rg3+ Kf8 37. Rg7 Ra7 38. Rh6
1-0

[Event "on which square would you like to be mated?"]
[Site "SchemingMind.com"]
[Date "2008.07.15"]
[Round "-"]
[White "smothered mate"]
[Black "WENDELL DUKES"]
[Result "1-0"]
[WhiteCountry "POL"]
[BlackCountry "USA"]
[WhiteElo "1933"]
[WhiteRD "52"]
[BlackElo "1865"]
[BlackRD "95"]
[GameID "162980"]

1. e4 c5 2. c3 d6 3. d4 cxd4 4. cxd4 e6 5. Nc3 Be7 6. Bd3 e5 7. Nge2 Nf6 8. f4 O-O 9. fxe5 dxe5 10. d5 Bg4
11. Be3 a6 12. O-O b5 13. Qe1 Nbd7 14. Qf2 h6 15. Ng3 Bb4 16. h3 Bh5 17. Nf5 Bg6 18. Ne2 Rc8 19. Neg3 Nc5 20. Bb1 Na4
21. a3 Bc5 22. Bxc5 Nxc5 23. d6 Bxf5 24. Nxf5 Nb3 25. Qg3 g6 26. Ne7+ Kg7 27. Qxb3 Rc4 28. Qg3 Nd7 29. Rxf7+ Rxf7 30. Qxg6+ Kf8
31. Qg8#
1-0

[Event "on which square would you like to be mated?"]
[Site "SchemingMind.com"]
[Date "2008.07.16"]
[Round "-"]
[White "smothered mate"]
[Black "flodur"]
[Result "0-1"]
[WhiteCountry "POL"]
[BlackCountry "AUS"]
[WhiteElo "1882"]
[WhiteRD "54"]
[BlackElo "2086"]
[BlackRD "87"]
[GameID "162981"]

1. d4 Nf6 2. Nf3 g6 3. Bf4 Bg7 4. e3 O-O 5. Bd3 d6 6. c4 Nbd7 7. Nc3 Re8 8. Bg3 e5 9. dxe5 Nxe5 10. Nxe5 dxe5
11. Qc2 c6 12. O-O-O Qa5 13. f4 e4 14. Be2 Bg4 15. Be1 Bxe2 16. Nxe2 Qxa2 17. Bc3 Qxc4 18. Rd4 Qe6 19. Rf1 Nd5 20. f5 gxf5
21. Nf4 Nxf4 22. Rxf4 Rad8 23. Qf2 Rxd4 24. Qg3 Qg6 25. Bxd4 Qxg3 26. hxg3 Bxd4 27. exd4 Rd8 28. Rxf5 Rxd4 29. Re5 Kf8 30. Kc2 f6
31. Rh5 Kg7 32. Kc3 Rd3+ 33. Kc2 Rxg3 34. Rh2 f5
0-1

[Event "on which square would you like to be mated?"]
[Site "SchemingMind.com"]
[Date "2008.07.13"]
[Round "-"]
[White "AlekhineKid"]
[Black "smothered mate"]
[Result "0-1"]
[WhiteCountry "USA"]
[BlackCountry "POL"]
[WhiteElo "1790"]
[WhiteRD "83"]
[BlackElo "1931"]
[BlackRD "51"]
[GameID "162982"]

1. d4 Nf6 2. c4 e6 3. g3 d5 4. Bg2 c5 5. cxd5 exd5 6. Nf3 Nc6 7. Nc3 a6 8. Bg5 cxd4 9. Nxd4 Be7 10. O-O O-O
11. Rc1 h6 12. Be3 Be6 13. Nxc6 bxc6 14. Na4 Rc8 15. Nc5 Qa5 16. Qe1 Qxa2 17. Qc3 Qc4 18. Qxc4 dxc4 19. Nxe6 fxe6
0-1

[Event "on which square would you like to be mated?"]
[Site "SchemingMind.com"]
[Date "2008.07.14"]
[Round "-"]
[White "faulty"]
[Black "smothered mate"]
[Result "0-1"]
[WhiteCountry "USA"]
[BlackCountry "POL"]
[WhiteElo "1952"]
[WhiteRD "70"]
[BlackElo "1933"]
[BlackRD "52"]
[GameID "162983"]

1. e4 c5 2. Nf3 d6 3. d4 cxd4 4. Nxd4 Nf6 5. Nc3 g6 6. Be2 Bg7 7. Be3 O-O 8. O-O Nc6 9. f3 Bd7 10. Kh1 Qc8
11. g4 h5 12. g5 Nh7 13. Rg1 Ne5 14. Rb1 Nc4 15. Bf2 a6 16. Nd5 Re8 17. Bxc4 Qxc4 18. Nb6 Qc7 19. Nxa8 Rxa8 20. c3 Qa5
21. Qd2 Qxa2 22. h4 Qc4 23. b3 Qc8 24. Ne2 Bb5 25. c4 Qh3#
0-1

[Event "on which square would you like to be mated?"]
[Site "SchemingMind.com"]
[Date "2008.07.14"]
[Round "-"]
[White "dvaldez"]
[Black "smothered mate"]
[Result "0-1"]
[WhiteCountry "CAN"]
[BlackCountry "POL"]
[WhiteElo "1898"]
[WhiteRD "85"]
[BlackElo "1877"]
[BlackRD "53"]
[GameID "162984"]

1. e4 c5 2. Nf3 d6 3. d4 cxd4 4. Nxd4 Nf6 5. Nc3 g6 6. Be3 Bg7 7. f3 O-O 8. Qd2 Nc6 9. Bc4 Bd7 10. O-O-O Qb8
11. Bb3 b5 12. h4 a5 13. Nd5 a4 14. Nxf6+ Bxf6 15. Nxc6 axb3 16. Na7 Rxa7 17. Bxa7 Qxa7 18. a3 Rc8 19. c3 b4 20. h5 bxc3
0-1

[Event "on which square would you like to be mated?"]
[Site "SchemingMind.com"]
[Date "2008.07.16"]
[Round "-"]
[White "calidore"]
[Black "smothered mate"]
[Result "1-0"]
[WhiteCountry "ISR"]
[BlackCountry "POL"]
[WhiteElo "1867"]
[WhiteRD "47"]
[BlackElo "1926"]
[BlackRD "48"]
[GameID "162985"]

1. e4 c5 2. c3 e6 3. d4 cxd4 4. cxd4 d5 5. e5 Nc6 6. Nf3 f6 7. Bd3 Bd7 8. O-O Qb6 9. Nc3 Nxd4 10. Nxd4 fxe5
11. Qh5+ Kd8 12. Qxe5 Nf6 13. Bg5 Be7 14. Rfe1 h6 15. Nxe6+
1-0

[Event "on which square would you like to be mated?"]
[Site "SchemingMind.com"]
[Date "2008.07.16"]
[Round "-"]
[White "Pedro666"]
[Black "smothered mate"]
[Result "1-0"]
[WhiteCountry "POL"]
[BlackCountry "POL"]
[WhiteElo "2115"]
[WhiteRD "88"]
[BlackElo "1868"]
[BlackRD "56"]
[GameID "162986"]

1. d4 d5 2. Nf3 e6 3. g3 c5 4. Bg2 Nc6 5. O-O Nf6 6. c4 a6 7. cxd5 exd5 8. Nc3 h6 9. h3 Be6 10. Be3 cxd4
11. Nxd4 Qd7 12. g4 Bd6 13. f4 Bxg4 14. hxg4 Nxg4 15. Nxd5 Bc5 16. Nc2 Nxe3 17. Ndxe3 Qe7 18. Bxc6+ bxc6 19. Rf3 Rd8 20. Qe1 g5
21. Qg3 Qe4 22. Kf1 Rg8 23. fxg5 Rxg5 24. Qf4 Qg6 25. Qh2 Rd2 26. Qb8+ Rd8 27. Qh2 Rd2 28. b4 Bd6 29. Qh3 Bxb4 30. Kf2 Bc5
31. Ne1 Rh5 32. Qg3 Rg5 33. Qf4 Rdd5 34. Qb8+ Rd8 35. Qb3 Qh5 36. Ng2 Rd2 37. Qb8+ Rd8 38. Qc7 Qg6 39. Nf4 Qf6 40. Rc1 Re5
41. Rxc5 Rxc5 42. Nfd5 Qh4+ 43. Kg2 Rdxd5 44. Nxd5 Qg5+ 45. Kf2 Qxd5 46. Qc8+ Ke7 47. Re3+ Kf6 48. Qh8+ Kg6= 49. Rg3+ Qg5 50. Qg8+ Kf6
51. Qd8+ Ke6 52. Rxg5 hxg5 53. Qc8+ Kd6 54. Qf8+ Kd5 55. Qxf7+ Kd6 56. Qf8+ Kd5 57. Qd8+ Kc4 58. Qd3+ Kb4 59. Qxa6 Rf5+ 60. Kg3 Rc5
61. a3+ Kb3 62. Qb6+ Kc4 63. Qb4+ Kd5 64. e4+ Kd6 65. Qd4+
1-0

[Event "on which square would you like to be mated?"]
[Site "SchemingMind.com"]
[Date "2008.07.14"]
[Round "-"]
[White "schakert"]
[Black "smothered mate"]
[Result "1-0"]
[WhiteCountry "NED"]
[BlackCountry "POL"]
[WhiteElo "1779"]
[WhiteRD "68"]
[BlackElo "1933"]
[BlackRD "52"]
[GameID "162987"]

1. e4 c5 2. Nf3 d6 3. d4 cxd4 4. Nxd4 Nf6 5. Bg5 Nbd7 6. Bb5 a6 7. Bxf6 gxf6 8. Ba4 b5 9. Bb3 Ne5 10. Nc3 Nc4
11. Bxc4 bxc4 12. O-O Bg7 13. Nf5 Bxf5 14. exf5 Qd7 15. Qd5 Rc8 16. Ne4 O-O 17. Rad1 Rc7 18. Rfe1 Rb8 19. b3 Rb5 20. Qa8+ Bf8
21. Nxf6+ exf6 22. Re8 cxb3 23. Rxf8+ Kg7 24. Rg8+ Kh6 25. Qf8+ Kh5 26. Qg7 Qxf5 27. g4+
1-0

[Event "on which square would you like to be mated?"]
[Site "SchemingMind.com"]
[Date "2008.07.14"]
[Round "-"]
[White "WENDELL DUKES"]
[Black "smothered mate"]
[Result "0-1"]
[WhiteCountry "USA"]
[BlackCountry "POL"]
[WhiteElo "1856"]
[WhiteRD "94"]
[BlackElo "1931"]
[BlackRD "51"]
[GameID "162988"]

1. e4 c5 2. d4 cxd4 3. c3 e6 4. cxd4 d5 5. exd5 exd5 6. Bd3 Nc6 7. Nf3 Bb4+ 8. Nc3 Nf6 9. O-O O-O 10. Bg5 h6
11. Be3 Re8 12. h3 Ne4 13. Rc1 Bxc3 14. bxc3 Qa5 15. Qb3 Be6 16. Qxb7 Rec8 17. Qb1 Nxc3 18. Qa1 Nxa2 19. Rc5 Qa3 20. Bb1 Ncb4
21. Rfc1 a5 22. Ne5 Qb3 23. Bxa2 Qxa2 24. Rxc8+ Rxc8 25. Rxc8+ Bxc8 26. Qxa2 Nxa2 27. Nc6 Kf8 28. Nxa5 Nc3 29. Nb3 Ke7 30. Nc5 Bf5
31. Kf1 Be4 32. Nxe4 dxe4 33. Ke1 Kd6 34. Kd2 Nb5 35. Bf4+ Kd5 36. Be5 f6 37. Bf4 Nxd4 38. Bc7 f5 39. Bf4 h5 40. h4 Ne6
41. Be3 Kc6 42. g3 Kd5 43. Kc3 g6 44. Kb4 Ke5 45. Kc4 f4 46. gxf4+ Nxf4 47. Bd4+ Kf5 48. Be3 Ng2 49. Bg5 Kg4 50. Kd4 Nxh4
51. Bxh4 Kxh4 52. Kxe4 Kg4 53. Ke3 h4 54. Ke2 Kf4 55. Kf1 Kf3 56. Kg1 g5 57. Kf1 h3 58. Kg1 g4 59. Kh2 Kxf2 60. Kh1 h2
61. Kxh2 g3+ 62. Kh1 g2+ 63. Kh2 g1=Q+ 64. Kh3 Qg3#
0-1

[Event "on which square would you like to be mated?"]
[Site "SchemingMind.com"]
[Date "2008.07.16"]
[Round "-"]
[White "flodur"]
[Black "smothered mate"]
[Result "1-0"]
[WhiteCountry "AUS"]
[BlackCountry "POL"]
[WhiteElo "2107"]
[WhiteRD "82"]
[BlackElo "1878"]
[BlackRD "51"]
[GameID "162989"]

1. e4 c5 2. Nf3 d6 3. d4 cxd4 4. Nxd4 Nf6 5. Nc3 g6 6. Be3 Bg7 7. f3 O-O 8. Qd2 Nc6 9. Bc4 Bd7 10. O-O-O Rc8
11. Bb3 Ne5 12. Kb1 Nc4 13. Bxc4 Rxc4 14. g4 h5 15. h3 b5 16. Nd5 Nxd5 17. exd5 h4 18. Ne2 Qc7 19. b3 Rb8 20. Bd4 Rxd4
21. Nxd4 Rb6 22. Rhe1 Be8 23. Qg5 Bf6 24. Qe3 Rb7 25. g5 Bg7 26. f4 Rb6 27. Qxe7 Bd7 28. f5 Be5 29. fxg6 fxg6 30. Rxe5 dxe5
31. Ne6
1-0

[Event "on which square would you like to be mated?"]
[Site "SchemingMind.com"]
[Date "2008.07.18"]
[Round "-"]
[White "fourluxflakes"]
[Black "faulty"]
[Result "1-0"]
[WhiteCountry "ENG"]
[BlackCountry "USA"]
[WhiteElo "1846"]
[WhiteRD "75"]
[BlackElo "1934"]
[BlackRD "84"]
[GameID "163215"]

1. e4 e5 2. Bc4 Bc5 3. Nf3 Nc6 4. O-O Nf6 5. d3 h6 6. c3 O-O 7. Re1 d6 8. a4 Bg4 9. b4 Nxb4 10. cxb4 Bxb4
11. Bd2 Bc5 12. Be3 Bb4 13. Nbd2 c5 14. h3 Be6 15. Qc2 Qd7 16. Reb1 d5 17. exd5 Nxd5 18. Nxe5 Qd6 19. d4 Nxe3 20. fxe3 Bxd2
21. Qxd2 b6 22. Bxe6 fxe6 23. Rf1 Rad8 24. Rxf8+ Rxf8 25. Rf1 Rf5 26. Rxf5 exf5 27. Qa2+ Kh7 28. Qc4
1-0

[Event "on which square would you like to be mated?"]
[Site "SchemingMind.com"]
[Date "2008.07.18"]
[Round "-"]
[White "fourluxflakes"]
[Black "dvaldez"]
[Result "1-0"]
[WhiteCountry "ENG"]
[BlackCountry "CAN"]
[WhiteElo "1929"]
[WhiteRD "71"]
[BlackElo "1936"]
[BlackRD "75"]
[GameID "163216"]

1. e4 c5 2. Nf3 Nc6 3. d4 cxd4 4. Nxd4 Nf6 5. Nc3 e5 6. Ndb5 d6 7. Bg5 a6 8. Na3 b5 9. Bxf6 gxf6 10. Nd5 f5
11. Bd3 Be6 12. O-O Bxd5 13. exd5 Ne7 14. Nxb5 Bg7 15. Nc3 e4 16. Bc4 Ng6 17. Re1 O-O 18. Ne2 Bxb2 19. Rb1 Be5 20. Nd4 Qg5
21. g3 Nh4 22. Be2 f4 23. Kh1 f3 24. Bf1 Kh8 25. Bh3 f5 26. Ne6 Qh6 27. Nxf8 Rxf8 28. Rb7 Rg8 29. Rg1 Rg6 30. gxh4 Qf4
31. Rg3 Qxh4 32. Rxg6 hxg6 33. Qf1 Qf4 34. Qg1 g5 35. Bf1 Qh4 36. Bxa6 g4 37. Bb5 f4 38. Rb8+ Kh7 39. Bd7 g3 40. Bf5+ Kg7
41. fxg3 fxg3 42. Qa7+ Kf6 43. Rf8+ Kg5 44. Qe7+ Kh5 45. Qh7+ Kg5 46. Rg8+ Kf4 47. Qxh4+ Ke3 48. Rxg3 Bxg3 49. Qxg3
1-0

[Event "on which square would you like to be mated?"]
[Site "SchemingMind.com"]
[Date "2008.07.18"]
[Round "-"]
[White "fourluxflakes"]
[Black "calidore"]
[Result "1/2-1/2"]
[WhiteCountry "ENG"]
[BlackCountry "ISR"]
[WhiteElo "1851"]
[WhiteRD "74"]
[BlackElo "1902"]
[BlackRD "61"]
[GameID "163217"]

1. e4 Nf6 2. e5 Nd5 3. d4 d6 4. c4 Nb6 5. f4 dxe5 6. fxe5 Bf5 7. Nc3 e6 8. Be3 f6 9. Nf3 fxe5 10. Nxe5 N8d7
11. Qh5+ g6 12. Qf3 Nxe5 13. dxe5 c6 14. Rd1 Qc7 15. g4 Qxe5 16. Kf2 Bc5 17. gxf5 O-O 18. Bd3 Nxc4 19. Bxc5 Qxc5+ 20. Kg3 Nxb2
21. Bc2 Nxd1 22. Rxd1 Qe5+ 23. Kg2 Rad8 24. Rxd8 Rxd8 25. fxe6 Qg5+=
1/2-1/2

[Event "on which square would you like to be mated?"]
[Site "SchemingMind.com"]
[Date "2008.07.18"]
[Round "-"]
[White "fourluxflakes"]
[Black "Pedro666"]
[Result "1-0"]
[WhiteCountry "ENG"]
[BlackCountry "POL"]
[WhiteElo "1929"]
[WhiteRD "71"]
[BlackElo "2115"]
[BlackRD "88"]
[GameID "163218"]

1. e4 Nf6 2. e5 Nd5 3. d4 d6 4. c4 Nb6 5. f4 dxe5 6. fxe5 Nc6 7. Be3 Bf5 8. Nc3 e6 9. Nf3 Be7 10. d5 Nb4
11. Nd4 Bg6 12. a3 c5 13. Nxe6 fxe6 14. axb4 cxb4 15. Nb5 O-O 16. d6 Bg5 17. Qd4 Bxe3 18. Qxe3 Qh4+ 19. g3 Nxc4 20. gxh4 Nxe3
21. Kd2 Nd5 22. Rxa7 Rxa7 23. Nxa7 Nb6 24. Bb5 Ra8 25. Ra1 Kf8 26. Ke3 Be8 27. Bd3 Kg8 28. Kd4 Nc8 29. Bc4 Nxa7 30. Bxe6+ Kh8
31. Ke3 Bb5 32. Bd5 g6 33. Bxb7 Re8 34. Rxa7 Rxe5+ 35. Kf4 Rh5 36. Kg4 Rc5 37. Ba6 Bc6 38. d7 h5+ 39. Kg3 Bxd7 40. Rxd7 Rc2
41. b3 Rc3+ 42. Rd3 Rc1 43. Bc4 Rg1+ 44. Kh3 g5 45. hxg5 Rxg5 46. Rd5 Rg1 47. Rxh5+ Kg7 48. Rb5
1-0

[Event "on which square would you like to be mated?"]
[Site "SchemingMind.com"]
[Date "2008.07.18"]
[Round "-"]
[White "fourluxflakes"]
[Black "smothered mate"]
[Result "1/2-1/2"]
[WhiteCountry "ENG"]
[BlackCountry "POL"]
[WhiteElo "1913"]
[WhiteRD "72"]
[BlackElo "1878"]
[BlackRD "51"]
[GameID "163219"]

1. e4 c5 2. Nf3 d6 3. d4 cxd4 4. Nxd4 Nf6 5. Nc3 g6 6. Be3 Bg7 7. f3 O-O 8. Qd2 Nc6 9. O-O-O d5 10. exd5 Nxd5
11. Nxc6 bxc6 12. Bd4 e5 13. Bc5 Be6 14. Ne4 Re8 15. h4 h6 16. g4 Qc7 17. g5 h5 18. Nf6+ Nxf6 19. gxf6 Bxf6 20. Qh6 e4
21. fxe4 Qe5 22. Bd4 Bg7 23. Qe3 Qa5 24. a3 Bg4 25. Bxg7 Kxg7 26. Be2 Bxe2 27. Qxe2 Rab8 28. Rd7 Qe5 29. c3 a5 30. Rf1 Re7
31. Rxe7 Qxe7 32. Qc4 c5 33. e5 Re8 34. Rf6 Qc7 35. Qf4 Re7 36. Rd6 c4 37. Qd4 Re6=
1/2-1/2

[Event "on which square would you like to be mated?"]
[Site "SchemingMind.com"]
[Date "2008.07.18"]
[Round "-"]
[White "fourluxflakes"]
[Black "schakert"]
[Result "1-0"]
[WhiteCountry "ENG"]
[BlackCountry "NED"]
[WhiteElo "1821"]
[WhiteRD "76"]
[BlackElo "1779"]
[BlackRD "68"]
[GameID "163220"]

1. e4 e5 2. Bc4 Nc6 3. Nf3 Bc5 4. O-O Nf6 5. d3 h6 6. Re1 d6 7. c3 Bg4 8. Nbd2 Na5 9. Bb5+ c6 10. Ba4 b5
11. Bc2 Qb6 12. Re2 Bxf3 13. Nxf3 Bxf2+ 14. Rxf2 Ng4 15. Qe2 Qxf2+ 16. Qxf2 Nxf2 17. Kxf2 Kd7 18. Be3 c5 19. Rd1 Nc6 20. d4 cxd4
21. cxd4 Ke6 22. d5+
1-0

[Event "on which square would you like to be mated?"]
[Site "SchemingMind.com"]
[Date "2008.07.18"]
[Round "-"]
[White "fourluxflakes"]
[Black "WENDELL DUKES"]
[Result "1/2-1/2"]
[WhiteCountry "ENG"]
[BlackCountry "USA"]
[WhiteElo "1929"]
[WhiteRD "71"]
[BlackElo "1823"]
[BlackRD "88"]
[GameID "163221"]

1. e4 e5 2. Bc4 Nf6 3. d3 h6 4. Nf3 d6 5. O-O Be7 6. c3 O-O 7. Nbd2 Bg4 8. d4 d5 9. Bxd5 Nxd5 10. exd5 exd4
11. Qb3 b6 12. Nxd4 Qd7 13. Ne4 c5 14. dxc6 Nxc6 15. Be3 Na5 16. Qb5 Qxb5 17. Nxb5 Nc4 18. Bc1 Rfd8 19. b3 Ne5 20. Nd4 Bd7
21. Re1 Nd3 22. Re2 Nxc1 23. Rxc1 f5 24. Ng3 Bg5 25. Rce1 f4 26. Ne4 Be7 27. h3 a5 28. a4 Rac8 29. Nd2 Bf6 30. Ne4 Be7
31. Nd2 Bf6 32. Ne4= Bxd4 33. cxd4 Bf5 34. Rd2 Rd5 35. f3 Kf8 36. Nf2 Rc2 37. Red1 g5 38. Ne4 Rc6 39. Kf2 Kf7 40. Rd3 Kg6
41. Rc3 Re6 42. Kg1 Bxe4 43. fxe4 Rxe4 44. Rc6+ Kg7 45. Rxb6 Rexd4 46. Rxd4 Rxd4 47. Rb5 Rd3 48. Kf2 Re3 49. Rxa5 Rxb3 50. Ra6 Ra3
51. a5 Rg3 52. Rb6 Ra3 53. a6 Kh7 54. Rb7+ Kg6 55. a7 Kh5 56. Rh7= Kg6 57. Rb7 Kf5 58. Rf7+ Kg6=
1/2-1/2

[Event "on which square would you like to be mated?"]
[Site "SchemingMind.com"]
[Date "2008.07.18"]
[Round "-"]
[White "fourluxflakes"]
[Black "flodur"]
[Result "0-1"]
[WhiteCountry "ENG"]
[BlackCountry "AUS"]
[WhiteElo "1913"]
[WhiteRD "72"]
[BlackElo "2107"]
[BlackRD "82"]
[GameID "163222"]

1. e4 c5 2. Nf3 Nc6 3. d4 cxd4 4. Nxd4 Nf6 5. Nc3 e5 6. Ndb5 d6 7. Bg5 a6 8. Na3 b5 9. Bxf6 gxf6 10. Nd5 f5
11. Bd3 Be6 12. O-O Bxd5 13. exd5 Ne7 14. Nxb5 Bg7 15. Nc3 e4 16. Bc4 Ng6 17. Qh5 Bxc3 18. bxc3 Qf6 19. Qh6 Rg8 20. f3 Qxc3
21. Bb3 exf3 22. Ba4+ Kd8 23. Qg5+ f6 24. Qxf5 Qd4+ 25. Rf2 Qxa1+
0-1

[Event "on which square would you like to be mated?"]
[Site "SchemingMind.com"]
[Date "2008.07.18"]
[Round "-"]
[White "faulty"]
[Black "fourluxflakes"]
[Result "1-0"]
[WhiteCountry "USA"]
[BlackCountry "ENG"]
[WhiteElo "1934"]
[WhiteRD "84"]
[BlackElo "1846"]
[BlackRD "75"]
[GameID "163224"]

1. e4 c5 2. Nf3 Nc6 3. d4 cxd4 4. Nxd4 Nf6 5. Nc3 e5 6. Ndb5 d6 7. Bg5 a6 8. Bxf6 gxf6 9. Na3 b5 10. Nd5 f5
11. Bd3 Be6 12. O-O Bxd5 13. exd5 Ne7 14. Nxb5 Bg7 15. Nc3 e4 16. Be2 O-O 17. Qd2 Ng6 18. Rab1 Qh4 19. g3 Qh3 20. Qg5 Ne5
21. Qh5 Qxh5 22. Bxh5 Rfc8 23. Bd1 Nc4 24. Na4 Rab8 25. Re1 Rb4 26. c3 Rb7 27. Be2 Rbb8 28. Bxc4 Rxc4 29. b3 Rc7 30. c4 Be5
31. Kg2 Kg7 32. f3
1-0

[Event "on which square would you like to be mated?"]
[Site "SchemingMind.com"]
[Date "2008.07.18"]
[Round "-"]
[White "dvaldez"]
[Black "fourluxflakes"]
[Result "1-0"]
[WhiteCountry "CAN"]
[BlackCountry "ENG"]
[WhiteElo "1936"]
[WhiteRD "75"]
[BlackElo "1929"]
[BlackRD "71"]
[GameID "163225"]

1. e4 c5 2. Nf3 Nc6 3. d4 cxd4 4. Nxd4 Nf6 5. Nc3 e5 6. Ndb5 d6 7. Bg5 a6 8. Na3 b5 9. Nd5 Be7 10. Bxf6 Bxf6
11. c3 O-O 12. Nc2 Bg5 13. a4 bxa4 14. Rxa4 a5 15. Bc4 Rb8 16. Ra2 Kh8 17. Nce3 Bxe3 18. Nxe3 Ne7 19. O-O f5 20. exf5 Nxf5
21. Nd5 Ne7 22. Qe2 Nxd5 23. Bxd5 Bd7 24. Rfa1 a4 25. Be4 Qb6 26. Rf1 Qb3 27. Bb1 Rf4 28. Qh5 Qg8 29. g3 Rf6 30. Qh4 Bb5
31. Rd1 Rh6 32. Qe4 Be8 33. Qe3 Qe6 34. h4 Bc6 35. Kh2 Bd7 36. Rh1 Bc6 37. Re1 Rf8 38. f4 Qd5 39. b4 exf4 40. Qe7 fxg3+
41. Kh3 Rhf6 42. Rae2 g2 43. Be4 Qxe4 44. Rxe4 Bxe4 45. Qxe4 Rf2 46. Rg1 R2f3+ 47. Kxg2 Rf2+ 48. Kg3 a3 49. Ra1
1-0

[Event "on which square would you like to be mated?"]
[Site "SchemingMind.com"]
[Date "2008.07.18"]
[Round "-"]
[White "calidore"]
[Black "fourluxflakes"]
[Result "1/2-1/2"]
[WhiteCountry "ISR"]
[BlackCountry "ENG"]
[WhiteElo "1868"]
[WhiteRD "55"]
[BlackElo "1828"]
[BlackRD "74"]
[GameID "163226"]

1. e4 c5 2. c3 d5 3. exd5 Qxd5 4. d4 Nf6 5. Nf3 Bg4 6. Be2 e6 7. O-O Nc6 8. Be3 cxd4 9. cxd4 Be7 10. Nc3 Qa5
11. h3 Bh5 12. Qb3 Qb4 13. Qxb4=
1/2-1/2

[Event "on which square would you like to be mated?"]
[Site "SchemingMind.com"]
[Date "2008.07.18"]
[Round "-"]
[White "Pedro666"]
[Black "fourluxflakes"]
[Result "1-0"]
[WhiteCountry "POL"]
[BlackCountry "ENG"]
[WhiteElo "2074"]
[WhiteRD "83"]
[BlackElo "1846"]
[BlackRD "75"]
[GameID "163227"]

1. d4 d5 2. c4 c6 3. cxd5 cxd5 4. Nc3 Nf6 5. Nf3 Nc6 6. Bf4 Bf5 7. e3 e6 8. Bb5 Nd7 9. Qa4 Rc8 10. O-O a6
11. Bxc6 Rxc6 12. Rfc1 Be7 13. Ne5 Nxe5 14. Bxe5 O-O 15. Qd1 b5 16. h3 Bf6 17. Bxf6 Qxf6 18. Ne4 dxe4 19. Rxc6 Qg6 20. Kh2 Ra8
21. g4
1-0

[Event "on which square would you like to be mated?"]
[Site "SchemingMind.com"]
[Date "2008.07.18"]
[Round "-"]
[White "smothered mate"]
[Black "fourluxflakes"]
[Result "1-0"]
[WhiteCountry "POL"]
[BlackCountry "ENG"]
[WhiteElo "1878"]
[WhiteRD "51"]
[BlackElo "1913"]
[BlackRD "72"]
[GameID "163228"]

1. e4 c5 2. c3 d5 3. exd5 Qxd5 4. d4 Nf6 5. Be3 Nc6 6. Nf3 cxd4 7. cxd4 e6 8. Nc3 Qa5 9. a3 Ne4 10. Rc1 Nxc3
11. Rxc3 Bxa3 12. Nd2 Bb4 13. Rc1 O-O 14. Bd3 f5 15. O-O Nxd4 16. Bxd4 Bxd2 17. Rc5 Qb4 18. Rc4 Qa5 19. Ra4 Qd5 20. Qxd2 b5
21. Rxa7 Bb7 22. Rxb7 Qxb7 23. Qe2 Qd5 24. Bc3 Rab8 25. Rd1 Qc6 26. Qe5 Rb7 27. Re1 Rf6 28. Qd4 Rf8 29. Re3 Rd7 30. Qe5 Qd5
31. Bxb5 Qxe5 32. Rxe5 Rd5 33. Bc4 Rxe5 34. Bxe5 Kf7 35. Kf1 g5 36. Ke2 Rd8 37. b4 Ke7 38. b5 Kd7 39. Bf6 Rg8 40. Kd3 Rg6
41. Be5 Kc8 42. Kd4 Kb7 43. Kc5 g4 44. b6 h5 45. Bb5
1-0